| 000 | 00932nam a2200313 a 4500 | ||
|---|---|---|---|
| 003 | AR-BaBNM | ||
| 005 | 20251128203855.0 | ||
| 008 | 082120s2002 ||||||||||||||000 | spa|| | ||
| 020 | _a950-605-062-7 | ||
| 040 | _cAR-BaBNM | ||
| 100 | 1 | _aGarcés, Luis Javier | |
| 245 | 0 | 0 |
_aLa escuela cantonista _beducación, sociedad y estado en el San Juan de los años 20 |
| 250 | _a1ª ed. | ||
| 260 |
_aSan Juan _bFundación Universidad de San Juan _c1992 |
||
| 300 |
_a222 p. _bil. |
||
| 504 | _aBibliografía: 219-222 | ||
| 600 | 1 | 4 | _aCantoni, Federico |
| 650 | 4 | _aHISTORIA DE LA EDUCACION | |
| 650 | 4 | _aORGANIZACION DE LA EDUCACION | |
| 650 | 4 | _aESTADO Y SOCIEDAD | |
| 650 | 4 | _aPOLITICA EDUCATIVA | |
| 650 | 4 | _aDOCUMENTOS DE EDUCACION | |
| 651 | 4 | _aArgentina | |
| 653 | _aEDUCACION POPULAR | ||
| 700 | 1 |
_aPuiggrós, Adriana _eprologuista |
|
| 700 | 1 |
_aOssana, Edgardo O. _eprologuista |
|
| 942 | _cBK | ||
| 998 | _cSILVI | ||
| 999 |
_c5277 _d5277 |
||